00535 a2200157 450000100060000008200140000609000170002010000230003724500880006026000340014830000110018265000460019394200240023999900190026395200950028292432 a297.5 RAF c44405d44406 aRafi Muhammad Prof aRight pathway; ethical and moral values for all ages in the light of quranic verses aLahorebParamount Booksc2015 a267 p. aethical and moral values - quranic verses aCAE NUSTk297.5 RAF c327505d327505 001040708NFICaCAEbCAEd2017-04-03l0o297.5 RAFpCAE88652r2017-04-05w2017-04-05yBK